[Event "It (open)"]
[Site "masterchessopen.com Batumi (Georgia)"]
[Round "1"]
[White "Topuridze Ana (GEO)"]
[Black "Galoyan Levon (ARM)"]
[Result "0-1"]
[WhiteElo "2098"]
[BlackElo "2258"]

1.d4 Nf6 2.c4 e6 3.Nc3 Bb4 4.e3 O-O 5.Bd3 d5 6.Nf3 Nbd7 7.O-O dxc4 8.Bxc4 c5
9.Qc2 a6 10.a4 Qc7 11.d5 Nb6 12.Bd3 c4 13.Na2 Bd6 14.Be2 exd5 15.Nc3 Be6
16.Rd1 Nbd7 17.Rd4 Nc5 18.Rh4 Nb3 19.Rb1 g6 20.h3 Bf5 21.e4 dxe4 22.Nxe4 Nxe4
23.Rxe4 Rae8 24.Bh6 Bxe4 25.Qc3 Be5 26.Nxe5 Qxe5 27.Rd1 Qxc3 28.bxc3 Bc2
29.Re1 Bd3 30.Kf1 Rxe2 31.Bxf8 Nd2+ {#R} 0-1

[Event "Memorial Schneider (cat.4)"]
[Site "masterchessopen.com Budapest (Hungary)"]
[Round "8"]
[White "Jakab Attila (HUN)"]
[Black "Szilagyi Peter (HUN)"]
[Result "1-0"]
[WhiteElo "2402"]
[BlackElo "2399"]

1.d4 Nf6 2.c4 e6 3.Nc3 Bb4 4.e3 O-O 5.Bd3 d5 6.Nf3 c5 7.O-O dxc4 8.Bxc4 Nbd7
9.a3 cxd4 10.axb4 dxc3 11.bxc3 Qc7 12.Qd3 Nb6 13.Bb3 Rd8 14.Qc2 Nbd5 15.Rd1
Bd7 16.Bb2 b5 17.c4 Nxb4 18.Qc3 bxc4 19.Bxc4 Nbd5 20.Qd4 Nb6 21.Rdc1 Nxc4
22.Rxc4 Qb7 23.Rb4 Bc6 24.Qh4 Qa6 25.h3 Qd3 26.Ne5 Qd5 27.Nxc6 Qxc6 28.Bxf6
gxf6 29.Rg4+ Kf8 30.Qxf6 Rd7 31.Rg7 Qe4 32.Qg5 {#r} 1-0

[Event "Czech League 2002/03 (1st)"]
[Site "masterchessopen.com Czech Republic"]
[Round "7"]
[White "Priehoda Vitezslav (CZE)"]
[Black "Chloupek Stanislav (CZE)"]
[Result "1-0"]
[WhiteElo "2381"]
[BlackElo "2323"]

1.d4 Nf6 2.c4 e6 3.Nc3 Bb4 4.e3 O-O 5.Bd3 d5 6.Nf3 c5 7.O-O dxc4 8.Bxc4 Nbd7
9.Qe2 cxd4 10.exd4 Nb6 11.Bb3 Bd7 12.Bg5 Bc6 13.Rfd1 Be7 14.Ne5 Nbd5 15.Nxc6
bxc6 16.Na4 Nd7 17.Bxe7 Nxe7 18.Rac1 Nb6 19.Nc5 Nbd5 20.Nd3 a5 21.Ne5 a4
22.Bc2 g6 23.Be4 Qd6 24.Rc5 a3 25.Nc4 Qb8 26.Nxa3 Nb4 27.Bb1 Rd8 28.h4 Ned5
29.Qf3 Nb6 30.Qb3 N6d5 31.Nc4 Ne7 32.a3 Na6 33.Qxb8 Raxb8 34.Ra5 Nc7 35.Ra7
Ncd5 36.Rd2 Kf8 37.Ne5 Nf4 38.Nd7+ Ke8 39.Nxb8 Rxb8 40.b4 Nfd5 41.Be4 Nc3
42.Bd3 h5 43.Rc2 Ncd5 44.Be4 Rd8 45.Rc5 Nf6 46.Bxc6+ {#r} 1-0

[Event "It (open)"]
[Site "masterchessopen.com Dubai (United Arab Emirates)"]
[Round "8"]
[White "Aleksandrov Aleksej (BLR)"]
[Black "Sargissian Gabriel (ARM)"]
[Result "0-1"]
[WhiteElo "2659"]
[BlackElo "2611"]

1.d4 Nf6 2.c4 e6 3.Nc3 Bb4 4.e3 O-O 5.Bd3 c5 6.Nf3 d5 7.O-O dxc4 8.Bxc4 Nbd7
9.Qb3 a6 10.Be2 Qe7 11.Ne5 Nxe5 12.dxe5 Nd7 13.f4 b5 14.a3 Bxc3 15.Qxc3 Bb7
16.b3 Rfc8 17.Bb2 c4 18.bxc4 Nb6 19.Qd3 bxc4 20.Qd2 Be4 21.Rfc1 Qb7 22.Bd4
Rab8 23.a4 c3 24.Rxc3 Nd5 25.Rxc8+ Rxc8 26.Rc1 Rxc1+ 27.Qxc1 Bxg2 28.Qb2 Nb4
29.a5 Bh3 30.Bc4 Qe4 31.Qe2 Nc2 32.Bd3 Nxd4 33.Qb2 Qxe3+ {#R} 0-1

[Event "It (open)"]
[Site "masterchessopen.com Genoa (Italy)"]
[Round "1"]
[White "Bertino Andrea (ITA)"]
[Black "Delchev Aleksander (BUL)"]
[Result "0-1"]
[WhiteElo "2083"]
[BlackElo "2601"]

1.d4 Nf6 2.Nf3 e6 3.c4 d5 4.Nc3 Bb4 5.e3 O-O 6.Bd3 dxc4 7.Bxc4 c5 8.O-O Nbd7
9.Qe2 a6 10.Bd3 cxd4 11.exd4 b6 12.Bg5 Bb7 13.Rfd1 Be7 14.Rac1 b5 15.a3 Rc8
16.Ne5 Nb6 17.Bb1 Nbd5 18.Qd3 g6 19.Bh6 Re8 20.Ba2 Nxc3 21.Rxc3 Rxc3 22.Qxc3
Qd6 23.Rc1 Rd8 24.Be3 Nd5 25.Qe1 Bf6 26.Bd2 Qb8 27.Ba5 Rd6 28.Rd1 Ba8 29.Bb3
Nf4 30.f3 Qa7 31.Bc3 Nd5 32.Kh1 Rd8 33.Ba5 Rc8 34.h3 Bg5 35.Bd2 Qe7 36.Rc1 Rd8
37.Nc6 Bxc6 38.Rxc6 Bxd2 39.Qxd2 {#R} 0-1

[Event "Ch Europe"]
[Site "masterchessopen.com Istanbul (Turkey)"]
[Round "1"]
[White "Aleksandrov Aleksej (BLR)"]
[Black "Gershon Alik (ISR)"]
[Result "1-0"]
[WhiteElo "2659"]
[BlackElo "2524"]

{ Aleksandrov Aleksej (BLR) +0 =2 -3 } 1.d4 { 1 } 1...Nf6 2.c4 e6 3.Nc3 Bb4
4.e3 O-O 5.Bd3 c5 6.Nf3 d5 7.O-O dxc4 8.Bxc4 Nbd7 9.a3 { ?/= } ( 9.Qb3 a6
10.Be2 Qe7 11.Ne5 Nxe5 12.dxe5 Nd7 13.f4 b5 14.a3 Bxc3 15.Qxc3 Bb7 16.b3 Rfc8
17.Bb2 c4 18.bxc4 Nb6 19.Qd3 bxc4 20.Qd2 Be4 21.Rfc1 Qb7 22.Bd4 Rab8 23.a4 c3
24.Rxc3 Nd5 25.Rxc8+ Rxc8 26.Rc1 Rxc1+ 27.Qxc1 Bxg2 28.Qb2 Nb4 { ...0-1,
Aleksandrov Aleksej 2633 - Sargissian Gabriel 2577 , Dubai 2003 It (open) } )
9...Ba5 { } ( 9...cxd4 10.axb4 dxc3 11.bxc3 Qc7 12.Be2 Qxc3 13.Ba3 Nd5 14.Qb1
Qf6 15.Bd3 h6 16.b5 Rd8 17.Bb2 Qe7 18.Ra4 Nc5 19.Bh7+ Kh8 20.Rh4 f6 21.Rc4 Bd7
22.Ba3 b6 23.Be4 a6 24.bxa6 Rxa6 25.Bxc5 bxc5 26.Rfc1 Ra5 27.Qb2 Rb5 28.Qa3
Nb6 29.R4c3 { ...1/2-1/2, Kramnik Vladimir 2770 - Kasparov Garry 2849 , London
2000 Ch World (match) "Braingames" } ) ( 9...Bxc3 10.bxc3 b6 11.Qe2 Bb7 12.a4
Qc7 13.Bb2 Rfc8 14.Rfc1 Ne4 15.Nd2 Nxd2 16.Qxd2 e5 17.a5 bxa5 18.Bf1 Nf6
19.dxe5 Ne4 20.Qc2 Qxe5 21.c4 Qe7 22.f3 Ng5 23.Qc3 f6 24.Rxa5 a6 25.Rd1 Rd8
26.Raa1 Rxd1 27.Rxd1 Rd8 28.Rd3 Nf7 29.Rxd8+ { ...1/2-1/2, Verdihanov
Vladislav 2420 - Magai Vladimir 2500 , Azov 1991 Spartakiada URS } ) 10.Nb5 {
N } ( 10.Qe2 cxd4 11.exd4 Nb6 ( 11...Bxc3 12.bxc3 Qc7 13.Bd3 b6 14.c4 Bb7
15.Re1 Rac8 16.Bg5 h6 17.Bd2 Rfd8 18.Rac1 Qd6 19.Bb4 Qf4 20.Qe3 Nh5 21.Nd2
Ndf6 22.Bc3 Bxg2 23.Kxg2 Ng4 24.Qh3 Qxf2+ 25.Kh1 Qxe1+ 26.Rxe1 Nf2+ 27.Kg2
Nxh3 28.Kxh3 Nf4+ 29.Kg3 Nxd3 { ...0-1, Aleksandrov Aleksej 2633 - Adams
Michael 2734 , Bled 2002 Olympiad } ) 12.Bd3 Nbd5 13.Ne4 h6 14.Nxf6+ Qxf6
15.Bc2 Rd8 16.Rd1 Bd7 17.Ne5 Rac8 18.Qd3 Kf8 19.Qh7 g5 20.Bb3 Bb5 21.Bd2 Bxd2
22.Rxd2 Nf4 23.Qe4 Bc6 24.Nxc6 Rxc6 25.Rad1 Rcd6 26.Kf1 b5 27.g3 Nd5 28.Rd3
Ne7 29.Rf3 Qg7 { ...1-0, Glyanets A 2385 - Timofeev Vladimir F 2290 , Orel
1992 Ch Russia (1/2 final) } ) ( 10.Qc2 Qe7 ( 10...cxd4 11.exd4 Bxc3 12.Qxc3
b6 13.Bg5 h6 14.Bh4 Bb7 15.Bb5 Rc8 16.Qe3 Qc7 17.Bg3 Qc2 18.Bd6 Rfd8 19.Ne5
Nd5 20.Qf3 N7f6 21.Bb4 Rc7 22.Qd3 Qxb2 23.Nc4 Nxb4 24.axb4 Qxb4 25.Rfb1 Be4
26.Qxe4 Qxb5 27.Qf4 Qd7 28.Ne3 { 0-1, Jobava Beglar 2264 - Ehlvest Jaan 2588 ,
Kocaeli 2002 It (open) "Grand Prix" } ) 11.dxc5 Qxc5 12.Na4 Qc7 13.Qe2 a6
14.b4 b5 15.Bd3 bxa4 16.bxa5 Nc5 17.Bd2 Nb3 18.Ra2 Bb7 19.Rc2 Qd7 20.Bb4 Rfc8
21.Ne5 Rxc2 22.Nxd7 Rxe2 23.Nxf6+ gxf6 24.Bxe2 Rd8 25.Rd1 Rxd1+ 26.Bxd1 f5
27.f3 Kg7 28.Kf2 f6 29.Be2 Kf7 { ...1-0, Portisch Lajos 2630 - Langeweg Kick
2425 , Wijk aan Zee 1968 It "Hoogovens" } ) ( 10.Bd3 Bc7 11.b4 cxd4 12.exd4 b6
13.Re1 Bb7 14.Ne5 Rc8 15.Bb2 g6 16.Qe2 Nd5 17.Nxd5 Bxd5 18.Ba6 Ra8 19.Rac1 Bd6
20.Rc3 Nf6 21.Rh3 Ne4 22.Bd3 f5 23.Bxe4 Bxe4 24.d5 Bxe5 25.Bxe5 Qxd5 26.Ba1 e5
27.Re3 Bxg2 28.Rxe5 Qf3 29.Re7 Rf7 { ...1-0, Muratov Vladimir A - Podgaets
Mikhail 2530 , Ivano-Frankovsk 1971 Ch URS (1/2 final) } ) ( 10.Qd3 Qe7
11.dxc5 Nxc5 12.Qc2 Ncd7 13.b4 Bc7 14.Bb2 a6 15.Ne4 Nxe4 16.Qxe4 e5 17.Rac1
Nf6 18.Qh4 h6 19.Bb3 Bd6 20.Rfd1 Be6 21.Bxe6 Qxe6 22.Qc4 Qe7 23.Nh4 Rfd8
24.Nf5 Qf8 25.Nxd6 Rxd6 26.Bxe5 Rxd1+ 27.Rxd1 Rc8 28.Qd4 Qe7 29.Bxf6 Qxf6 {
...0-1, Hlavnicka Jiri 2215 - Chloupek Stanislav 2360 , Czech Republic 1998
Extra League 1997/98 } ) ( 10.Ne2 cxd4 11.Nexd4 e5 12.Nb5 e4 13.Nd2 Ne5 14.b4
Bb6 15.Bb2 Qe7 16.Qb3 a6 17.Nc3 Nxc4 18.Qxc4 Be6 19.Qe2 Bg4 20.Nd5 Nxd5
21.Qxg4 f5 22.Qd1 Rfd8 23.Qb3 Qf7 24.Rfd1 Rac8 25.Nf1 Nf6 26.Rxd8+ Rxd8 27.Qc2
Qe6 28.Rc1 Kf7 29.h3 Rd6 { ...1-0, Braun Arik 2229 - Levin Felix 2531 ,
Altenkirchen 2001 Ch Germany } ) ( 10.Ba2 b6 11.Nb5 Bb7 12.Nd6 Bd5 13.Bxd5
exd5 14.Nb7 Qc7 15.Nxc5 bxc5 16.dxc5 Nxc5 17.b4 Nce4 18.Bb2 Rfc8 19.Nd4 Bxb4
20.axb4 Qd7 21.Ra6 Rab8 22.b5 Nd6 23.Qa1 Rc7 24.Qa4 Nfe4 25.Rc6 Rcb7 {
1/2-1/2, Jobava Baadur 2562 - Ehlvest Jaan 2588 , Kocaeli 2002 It (open)
"Grand Prix" } ) ( 10.b4 cxb4 11.Nb5 a6 12.Bd3 bxa3 13.Bxa3 axb5 14.Bxf8 Kxf8
15.Qc2 b6 16.Bxh7 Bb7 17.Bd3 b4 18.Qe2 Nd5 19.Nd2 N7f6 20.Qf3 Qc7 21.Rac1 Nc3
22.Qh3 Ke7 23.f4 Rd8 24.f5 e5 25.Qg3 b5 26.e4 Bb6 27.Nf3 Bxd4+ 28.Kh1 Be3
29.Nxe5 Bxc1 { ...0-1, Nesic Nebojsa 2225 - Pavlovic Dragoljub 2325 , Nis 1995
Ch Yugoslavia (open) } ) 10...cxd4 11.b4 a6 { ?! } ( 11...Bb6 { !? } 12.exd4
Ne4 13.Qd3 Ndf6 { } ) 12.Nbxd4 Bc7 13.Bxe6 Nb6 14.Bb3 Bg4 15.h3 Bd7 16.Bb2 Ne4
17.Rc1 Rc8 18.a4 Qe8 19.a5 Na4 20.Ba1 b6 21.axb6 Nxb6 22.Qd3 Qe7 { ?! } (
22...Nf6 { !? } 23.Qxa6 Nbd5 24.Bxd5 Nxd5 { } ) 23.Bb2 Ng5 24.Bc2 { ?! } (
24.Rfd1 { !? } 24...Nxf3+ 25.Nxf3 Be6 26.Bxe6 { } ) 24...Qd6 25.Rfd1 Rfd8
26.Qxa6 Be6 27.Bd3 h6 { ?! } ( 27...Nxf3+ { !? } 28.Nxf3 Qe7 29.Nd4 Qd6 { } )
28.Qa1 { ? } ( { ? } 28.Nxg5 hxg5 29.Nxe6 Qh2+ 30.Kf1 { } ) 28...Bd5 29.e4 Bb7
{ ?! } ( 29...Bc4 { !? } 30.Nxg5 Bxd3 31.Rxd3 Qh2+ { } ) 30.h4 { ? } ( { ? }
30.Nxg5 hxg5 31.Qa7 Rb8 32.Nf3 { } ) 30...Nxe4 { ? } ( { ? } 30...Ra8 31.Qb1
Nxf3+ 32.Nxf3 Qf4 { } ) 31.Nb5 Qf4 { ?! } ( 31...Qe7 { !? } 32.Nxc7 Rxc7
33.Rxc7 Qxc7 { } ) 32.Rxc7 Rxc7 33.Be5 Qg4 34.Bxc7 Ng5 35.Be2 Re8 36.hxg5 Rxe2
37.Nbd4 Nd7 38.Bg3 { } {#r} 1-0

[Event "Ch Russia"]
[Site "masterchessopen.com Krasnoyarsk (Russia)"]
[Round "8"]
[White "Ivanov Sergey_ (RUS)"]
[Black "Motylev Alexander (RUS)"]
[Result "0-1"]
[WhiteElo "2553"]
[BlackElo "2651"]

{ } 1.d4 Nf6 2.c4 e6 3.Nc3 Bb4 4.e3 O-O 5.Bd3 d5 6.Nf3 c5 7.O-O dxc4 8.Bxc4
Nbd7 9.Qb3 { = } 9...Qe7 { +0.00 CAP } ( 9...a6 10.Be2 Qe7 11.Ne5 Nxe5 12.dxe5
Nd7 13.f4 b5 14.a3 Bxc3 15.Qxc3 Bb7 16.b3 Rfc8 17.Bb2 c4 18.bxc4 Nb6 19.Qd3
bxc4 20.Qd2 Be4 21.Rfc1 Qb7 22.Bd4 Rab8 23.a4 c3 24.Rxc3 Nd5 25.Rxc8+ Rxc8
26.Rc1 Rxc1+ 27.Qxc1 Bxg2 28.Qb2 Nb4 29.a5 { ...0-1, Aleksandrov Aleksej 2633
- Sargissian Gabriel 2577 , Dubai 2003 It (open) } ) 10.Bd2 { N } ( 10.Rd1 Nb6
( 10...cxd4 11.exd4 a6 12.a4 Nb6 13.Bg5 Bd7 14.Ne5 Rac8 15.Ne4 Nxc4 16.Bxf6
gxf6 17.Nxd7 Kh8 18.Ndxf6 Rg8 19.Nxg8 Kxg8 { 1-0, Bronstein David I 2590 -
Ezek J, Moscow 1956 Olympiad } ) 11.Be2 cxd4 12.exd4 Bd7 13.Ne5 Rac8 14.Nxd7
Nfxd7 15.Bf3 Nb8 16.Bxb7 Qxb7 17.Qxb4 Rfd8 18.Be3 Nc6 19.Qb5 a6 20.Qe2 Nd5
21.Rac1 h6 22.Ne4 Nce7 23.Rxc8 Qxc8 24.Rc1 Qa8 25.Nc5 Nf5 26.Qxa6 Qxa6 27.Nxa6
Ra8 28.Nc7 Nxc7 29.Rxc7 Rxa2 { ...0-1, Larsen Bent 2625 - Andersson Ulf 2565 ,
Stockholm 1975 Match } ) 10...b6 11.a3 Bxc3 12.Bxc3 Bb7 13.Rfd1 Rfd8 14.a4 Ne4
15.a5 Nxc3 16.bxc3 Bxf3 17.gxf3 cxd4 18.cxd4 Qg5+ 19.Kh1 Qh5 { ?! } (
19...bxa5 { !? } 20.Ba6 Qh5 21.Kg2 Nb6 { } ) 20.Kg2 { ?! } ( 20.Be2 { !? }
20...Qh4 21.axb6 Nxb6 22.Rf1 { } ) 20...Qg5+ 21.Kh1 bxa5 22.Qb5 Qh4 23.Kg2 Nb6
24.Rxa5 Rab8 25.Bb3 Nd5 26.Qd3 Qg5+ 27.Kh1 Qf6 28.Kg2 Qg5+ 29.Kh1 Qf6 30.Kg2
Ne7 31.Bc2 Nf5 32.Kh1 g6 33.Rxa7 Rd5 { ? } ( 33...Rdc8 { ! } 34.Bb1 Rb2 35.Ra2
Rxa2 { } ) 34.Rb1 Rc8 35.Bb3 Rd6 36.Bd1 Rdc6 37.Rbb7 Nh6 { ?! } ( 37...Nd6 {
!? } 38.Rd7 Rc1 39.Kg2 R8c3 { } ) 38.Rb1 Qh4 39.Qe2 Qh3 40.Ra2 { ? } ( 40.Kg1
{ ! } 40...Nf5 41.Qf1 Qh4 42.f4 { } ) 40...Nf5 41.f4 Nh4 42.f3 Rc1 43.Rxc1
Rxc1 44.Rd2 { ?! } ( 44.Rc2 { !? } 44...Ra1 45.Kg1 Nxf3+ 46.Kf2 { } )
44...Nxf3 45.Rd3 Nxh2 46.Qg2 Qh5 { ? } ( 46...Qf5 { ! } 47.e4 Qxf4 48.Qg3 Qxg3
{ } ) 47.Kg1 { ?! } ( 47.Qxh2 { !? } 47...Rxd1+ 48.Rxd1 Qxd1+ 49.Qg1 { } )
47...Ng4 48.Qb2 Qh4 49.Kf1 Qh1+ { } {#R} 0-1

[Event "It (open)"]
[Site "masterchessopen.com Nisa (Yugoslavia)"]
[Round "5"]
[White "Milovanovic Srboljub (SRB)"]
[Black "Maksimovic Branimir (SRB)"]
[Result "1-0"]
[WhiteElo "2221"]
[BlackElo "2377"]

1.d4 Nf6 2.c4 e6 3.Nc3 Bb4 4.e3 d5 5.Nf3 O-O 6.Bd3 c5 7.O-O dxc4 8.Bxc4 Nbd7
9.Qe2 a6 10.Bd3 b5 11.a3 Ba5 12.b4 cxd4 13.Nxb5 Bb6 14.Nbxd4 Bb7 15.e4 Ne5
16.Bb2 Nxd3 17.Qxd3 Bxe4 18.Qe2 Qd5 19.Rfd1 Rfd8 20.Ne1 Qg5 21.Ndf3 Qg6
22.Bxf6 Bxf3 23.Rxd8+ Rxd8 24.Qxf3 Qxf6 25.Qxf6 gxf6 26.Ra2 Rd1 27.Kf1 Rb1
28.Ke2 Kf8 29.Nc2 Ke7 30.Ne3 f5 31.Nc4 Bd4 32.Nd2 Rh1 33.h3 e5 34.a4 Kd6 35.b5
axb5 36.axb5 e4 37.Rc2 Kd5 38.Rc7 Bb6 39.Rxf7 Ke6 40.Rxh7 Ba5 41.Ra7 Bxd2
42.Kxd2 Rg1 43.Rb7 Ke5 44.b6 Rxg2 45.Kc3 Rxf2 46.Re7+ Kd6 47.b7 Kxe7 48.b8=Q
{#r} 1-0

[Event "It (cat.4)"]
[Site "masterchessopen.com Paris (France)"]
[Round "2"]
[White "Colin Vincent (FRA)"]
[Black "Chabanon Jean-Luc (FRA)"]
[Result "0-1"]
[WhiteElo "2396"]
[BlackElo "2431"]

1.d4 Nf6 2.c4 e6 3.Nc3 Bb4 4.e3 O-O 5.Bd3 d5 6.Nf3 c5 7.O-O dxc4 8.Bxc4 Nbd7
9.Qe2 a6 10.Bd3 b6 11.a3 cxd4 12.Ne4 Be7 13.exd4 Bb7 14.Ng3 Ra7 15.Re1 Qa8
16.Ng5 Bd5 17.Bd2 Rd8 18.f3 Nf8 19.Rac1 Ng6 20.Qf2 Qb8 21.Ne2 Bd6 22.Bxg6 fxg6
23.Qh4 h6 24.Ne4 Bxe4 25.fxe4 g5 26.Qh3 g4 27.Qb3 Bxh2+ 28.Kh1 Re8 29.g3 Nxe4
30.Bf4 Qa8 31.Kxh2 Rf7 32.Rf1 Rf5 33.Kg1 Rh5 34.d5 Nc5 35.Rxc5 bxc5 36.dxe6
Qe4 37.Qe3 Qxe3+ 38.Bxe3 Re5 39.Kf2 R8xe6 {#R} 0-1

[Event "Ch St. Petersburg"]
[Site "masterchessopen.com St. Petersburg (Russia)"]
[Round "11"]
[White "Klimov Sergey (RUS)"]
[Black "Solozhenkin Evgeniy (RUS)"]
[Result "1-0"]
[WhiteElo "2509"]
[BlackElo "2501"]

{ Solozhenkin Evgeniy (RUS) +1 =0 -0 } 1.d4 { 1 } 1...Nf6 2.c4 e6 3.Nc3 Bb4
4.e3 O-O 5.Bd3 d5 6.Nf3 c5 7.O-O dxc4 8.Bxc4 Nbd7 9.Qe2 cxd4 ( 9...b6 10.a3
cxd4 11.axb4 dxc3 12.bxc3 Qc7 13.Bb2 Bb7 14.Ba6 Bxa6 15.Rxa6 Rfc8 16.Rd1 h6
17.h3 Qb7 18.b5 Nc5 19.Raa1 a6 20.c4 axb5 21.Bxf6 gxf6 22.Rxa8 Qxa8 23.cxb5
Ne4 24.Qb2 Rc5 25.Nd4 Qd5 26.Rc1 Kg7 27.Rxc5 bxc5 28.Ne2 Qd1+ 29.Kh2 { ...0-1,
Beliavsky Alexander G 2620 - Karpov Anatoly 2755 , Linares 1989 It } ) (
9...a6 10.a4 Qc7 11.Na2 b5 12.Bd3 Ba5 13.axb5 axb5 14.Bxb5 Bb7 15.Rd1 Rfb8
16.h3 Bb4 17.Bxd7 Nxd7 18.Bd2 Bxd2 19.Qxd2 Bxf3 20.gxf3 Qb7 21.Kg2 Qxb2
22.Qxb2 Rxb2 23.dxc5 Nxc5 24.Nb4 Rc8 25.Nc6 Kf8 26.Ne5 Rb7 27.Nc4 Rbc7 28.Nd6
Rd8 29.Nb5 { ...1/2-1/2, Karpov Anatoly 2700 - Portisch Lajos 2620 , Moscow
1981 It (cat.15) } ) 10.exd4 Nb6 { ?/= } ( 10...Bxc3 11.bxc3 Qc7 12.Ba3 Re8
13.Ne5 a6 14.Rac1 b5 15.Bb3 Bb7 16.c4 Qa5 17.Bd6 bxc4 18.Qxc4 Bd5 19.Qc7 Qxc7
20.Rxc7 Bxb3 21.axb3 Nxe5 22.dxe5 Nd5 23.Rc6 Rec8 24.Rfc1 Rxc6 25.Rxc6 a5
26.h3 h6 27.Rc4 Nb6 28.Rc6 Nd5 29.Rc4 Nb6 { 1/2-1/2, Lautier Joel 2630 - Anand
Viswanathan 2795 , Monaco 1998 It "Melody Amber" (blindfold) } ) 11.Bb3 Bd7 (
11...Nbd5 12.Bd2 ( 12.Nxd5 Nxd5 13.Qd3 { } ) 12...Be7 13.Rad1 b6 14.Ne5 Bb7
15.Bg5 Rc8 16.Qd3 a6 17.Qh3 b5 18.Bc2 g6 19.a3 Nxc3 20.bxc3 Nd5 21.Bd2 Qc7
22.Bb1 Nxc3 23.Bxc3 Qxc3 24.Rd3 Qb2 25.Rg3 Rc1 26.Bxg6 Rxf1+ 27.Kxf1 hxg6
28.Qh6 Qb1+ 29.Ke2 Qc2+ 30.Ke1 Qe4+ 31.Kf1 { ...0-1, Sabia Corrado 2194 -
Solozhenkin Evgeniy 2504 , Padova 2000 It (open) } ) 12.Bg5 ( 12.Ne5 Be8
13.Bg5 Be7 14.Rad1 Nfd5 15.Nxd5 Bxg5 16.Nxb6 Qxb6 17.d5 exd5 18.Rxd5 Rd8 {
1/2-1/2, Ravi Lanka 2419 - Kunte Abhijit 2477 , Raipur 2002 It (open)
"Chhattisgarh Chief Minister's Trophy" } ) 12...Bc6 ( 12...Rc8 13.Ne5 Be7
14.Rfe1 Nfd5 15.Nxd5 Bxg5 16.Nxb6 axb6 17.d5 exd5 18.Bxd5 Rc7 19.Rad1 Bf6
20.Nxd7 Qxd7 21.Bxb7 Qa4 22.Bd5 Qb4 23.b3 Re7 24.Qf1 Rxe1 25.Qxe1 Qxe1+
26.Rxe1 Rd8 27.a4 Kf8 28.Rd1 Rc8 29.Bc4 Rd8 30.Bd5 Rc8 31.Be4 Rc3 32.Rb1 {
...1/2-1/2, Sherbakov Ruslan 2555 - Kholmov Ratmir D 2435 , Pardubice 1996 It
(open) "Czech Open-Komercni banka" } ) ( 12...Be7 13.Ne5 Bc6 14.Rad1 Nbd5
15.Nxc6 bxc6 16.Na4 h6 17.Bd2 Bb4 18.Nc3 a5 19.Rc1 Qb6 20.Rfd1 Rfd8 21.Qf3
Rac8 22.h3 Qa7 23.g4 Qe7 24.g5 hxg5 25.Bxg5 Nxc3 26.bxc3 Ba3 27.Rb1 c5 28.Kh1
cxd4 29.cxd4 Bb4 30.Rd3 e5 31.Rg1 Kf8 32.dxe5 { ...1-0, Korchnoi Viktor 2635 -
Arbakov Valentin 2455 , Paris 1995 It "Intel Chess Grand Prix" (active) } )
13.Rad1 { N } ( 13.Ne5 Be7 14.Rad1 Nbd5 ( 14...Rc8 15.Rfe1 Nfd5 16.Bc1 Bg5
17.Qg4 Bxc1 18.Rxc1 Qe7 19.Qg3 Rfd8 20.Ne4 Be8 21.Nc5 Nf6 22.Qh4 Nbd5 23.Bxd5
Nxd5 24.Qxe7 Nxe7 25.Nxb7 Rxc1 26.Rxc1 Rxd4 27.Nf3 Rd5 28.Kf1 Kf8 29.Ke1 Rb5
30.Nd6 Rxb2 31.Rc7 Rxa2 32.Ng5 h6 { ...0-1, Vunder A 2310 - Kholmov Ratmir D
2480 , St. Petersburg 1998 Memorial M.Chigorin (open) } ) 15.Rfe1 Nxc3 (
15...h6 16.Bc1 Qc7 17.Rd3 Nxc3 18.bxc3 Bd6 19.Bxh6 Rfe8 20.Rg3 g6 21.Bc2 Kh7
22.Qd3 Bb5 23.Qxb5 Kxh6 24.Nxf7+ { 1-0, Kukkula Juhani - Laaksonen Seppo,
corr. 1975 } ) 16.bxc3 Nd5 17.Bd2 Bf6 18.c4 Ne7 19.Bb4 a5 20.Ba3 a4 21.Bc2 Qc7
22.Ng4 Rfe8 23.d5 Bxd5 24.Nxf6+ gxf6 25.cxd5 Nxd5 26.Rxd5 { 1-0, Panno Oscar
2570 - Bolbochan Julio 2500 , Buenos Aires 1965 Ch Club Argentino } ) 13...Be7
14.Ne5 Bd5 ( 14...Nfd5 15.Nxc6 bxc6 16.Bc1 Nd7 17.Rd3 Nxc3 18.Rxc3 Rc8 19.Be3
Bg5 20.Rfc1 Bxe3 21.fxe3 Nb8 22.Bc2 Qd6 23.Be4 f5 24.Bf3 e5 25.Qc4+ Kh8 26.Qc5
Qxc5 27.Rxc5 exd4 28.exd4 Rcd8 29.R1c4 g6 30.Bxc6 Nxc6 31.Rxc6 Rd7 32.Rc7 Rfd8
33.Rxd7 Rxd7 34.Kf2 { ...1-0, Euwe Max 2670 - Fuster Geza 2280 , Beverwijk
1953 It } ) ( 14...Nbd5 15.Nxc6 bxc6 16.Na4 h6 17.Bd2 Bb4 18.Nc3 a5 19.Rc1 Qb6
20.Rfd1 Rfd8 21.Qf3 Rac8 22.h3 Qa7 23.g4 Qe7 24.g5 hxg5 25.Bxg5 Nxc3 26.bxc3
Ba3 27.Rb1 c5 28.Kh1 cxd4 29.cxd4 Bb4 30.Rd3 e5 31.Rg1 Kf8 32.dxe5 Rxd3
33.Qxd3 Qxe5 34.Qe3 { ...1-0, Korchnoi Viktor 2635 - Arbakov Valentin 2455 ,
Paris 1995 It "Intel Chess Grand Prix" (active) } ) ( 14...Rc8 15.Rfe1 Nfd5
16.Bc1 Bg5 17.Qg4 Bxc1 18.Rxc1 Qe7 19.Qg3 Rfd8 20.Ne4 Be8 21.Nc5 Nf6 22.Qh4
Nbd5 23.Bxd5 Nxd5 24.Qxe7 Nxe7 25.Nxb7 Rxc1 26.Rxc1 Rxd4 27.Nf3 Rd5 28.Kf1 Kf8
29.Ke1 Rb5 30.Nd6 Rxb2 31.Rc7 Rxa2 32.Ng5 h6 33.Nh7+ Kg8 34.Rxe7 { ...0-1,
Vunder A 2310 - Kholmov Ratmir D 2480 , St. Petersburg 1998 Memorial
M.Chigorin (open) } ) 15.Bc2 { N } 15...Rc8 { ?! } ( 15...h6 { !? } 16.Bxf6
Bxf6 17.Qd3 g6 { } ) 16.Rfe1 { ! } ( 16.Qd3 { ? } 16...g6 17.Rfe1 Re8 18.Rc1 {
} ) 16...Nfd7 17.Qh5 { ! } ( 17.Qd3 { ? } 17...f5 18.Nxd5 Nxd5 19.Bxe7 { } )
17...g6 18.Nxg6 { ! } ( 18.Bxe7 { ? } 18...Qxe7 19.Qh6 Rfd8 20.Re3 { } )
18...fxg6 19.Bxg6 hxg6 20.Qxg6+ Kh8 21.Qh6+ Kg8 22.Qg6+ Kh8 23.Rd3 Rxc3
24.bxc3 Bxg5 25.Rh3+ Bh4 26.Qh6+ Kg8 27.Qg6+ Kh8 28.Ree3 Qe7 29.Reg3 Nf6
30.Rxh4+ Nh7 31.Rhg4 { ? } ( { ? } 31.Rg5 Nd7 32.Rxh7+ Qxh7 33.Rh5 { } )
31...e5 32.dxe5 Qxe5 { ?? } ( { ? } 32...Qf7 33.Qxf7 Bxf7 34.a3 Nd5 { } )
33.Qxh7+ { } {#r} 1-0

[Event "It (open)"]
[Site "masterchessopen.com Andorra"]
[Date "2003.07.12"]
[Round "9"]
[White "Aloma Vidal Robert (ESP)"]
[Black "Fluvia Poyatos Joan (ESP)"]
[Result "1-0"]
[WhiteElo "2297"]
[BlackElo "2467"]

1.d4 Nf6 2.c4 e6 3.Nc3 Bb4 4.e3 O-O 5.Bd3 d5 6.Nf3 c5 7.O-O dxc4 8.Bxc4 Nbd7
9.Qe2 b6 10.d5 Bxc3 11.dxe6 Ne5 12.exf7+ Kh8 13.bxc3 Bg4 14.e4 b5 15.Bxb5 Nh5
16.Qe3 Bxf3 17.gxf3 Rxf7 18.Be2 Nf4 19.Qxf4 Rxf4 20.Bxf4 Qf6 21.Bg3 Nxf3+
22.Bxf3 Qxf3 23.e5 Re8 24.Rac1 g5 25.Rfe1 h5 26.Re3 Qd5 27.h3 Qxa2 28.Rd1 a5
29.Rd6 h4 30.Bh2 a4 31.e6 Qb1+ 32.Kg2 a3 33.Rd7 a2 34.Be5+ Kg8 35.Rg7+ Kf8
36.Rf7+ Kg8 37.Rg7+ Kf8 38.Rf3+ {#r} 1-0

[Event "It (cat.5)"]
[Site "masterchessopen.com Ptuj (Slovenia)"]
[Date "2003.11.30"]
[Round "1"]
[White "Kozakov Mikhail (UKR)"]
[Black "Bratovic Blaz (SLO)"]
[Result "1-0"]
[WhiteElo "2477"]
[BlackElo "2336"]

1.d4 Nf6 2.c4 e6 3.Nc3 Bb4 4.e3 O-O 5.Bd3 d5 6.Nf3 c5 7.O-O dxc4 8.Bxc4 Nbd7
9.a3 Ba5 10.Qe2 Qe7 11.e4 cxd4 12.Nxd4 Ne5 13.Ba2 Bd7 14.Bf4 Ng6 15.Bd2 Bb6
16.Nf3 Bc6 17.Rad1 Rfd8 18.b4 a6 19.Be3 Bxe3 20.Qxe3 Rxd1 21.Rxd1 e5 22.Ng5
Be8 23.Qb6 h6 24.Nf3 Rc8 25.Nd5 Nxd5 26.exd5 Ba4 27.Re1 e4 28.h3 Nf4 29.d6 Qf6
30.Qxb7 exf3 31.Qxc8+ Kh7 32.Bb1+ g6 33.Qg4 Nxg2 34.Re7 h5 35.Qxg6+ {#r} 1-0

[Event "Bundesliga (2nd) West 2003/04"]
[Site "masterchessopen.com Germany"]
[Date "2004.02.15"]
[Round "6"]
[White "Dambacher Martijn (NED)"]
[Black "Dutreeuw Marc (BEL)"]
[Result "1-0"]
[WhiteElo "2407"]
[BlackElo "2353"]

1.d4 Nf6 2.c4 e6 3.Nc3 Bb4 4.e3 O-O 5.Bd3 d5 6.Nf3 c5 7.O-O dxc4 8.Bxc4 Nbd7
9.a3 Ba5 10.Qe2 Qe7 11.Bd2 Bc7 12.b4 b6 13.Rfe1 e5 14.bxc5 e4 15.Ng5 bxc5
16.Nd5 Nxd5 17.Bxd5 Bxh2+ 18.Kxh2 Qd6+ 19.Kg1 Qxd5 20.Nh3 Re8 21.Nf4 Qg5
22.Rac1 cxd4 23.exd4 Nf6 24.Ne6 Qg6 25.Nc7 Bg4 26.Qe3 h6 27.Qg3 Nh5 28.Qh2 f5
29.d5 Rac8 30.Nxe8 Rxe8 31.Rc6 Qf7 32.d6 Qd5 33.Rc2 Rd8 34.Bb4 f4 35.Rc5 Qf7
36.Qh4 Nf6 37.Bc3 Qg6 38.Bxf6 gxf6 39.Kh2 Rxd6 40.Rxe4 Qxe4 41.Qxg4+ {#r} 1-0

[Event "It (open) \"]
[Site "masterchessopen.com Moscow (Russia)"]
[Date "2004.02.20"]
[Round "4"]
[White "Ramirez Alejandro (CRC)"]
[Black "Pogorelov Ruslan (UKR)"]
[Result "1-0"]
[WhiteElo "2519"]
[BlackElo "2439"]

1.d4 Nf6 2.c4 e6 3.Nc3 Bb4 4.e3 O-O 5.Nf3 c5 6.Bd3 d5 7.O-O dxc4 8.Bxc4 Nbd7
9.Qb3 a6 10.a4 Qc7 11.Rd1 Rd8 12.dxc5 Bxc5 13.e4 Nf8 14.Rxd8 Qxd8 15.Bf4 Qb6
16.Qc2 Bd7 17.a5 Qd8 18.e5 Ne8 19.Ne4 Ba7 20.b4 Rc8 21.Qe2 h6 22.Rd1 Ng6
23.Bg3 Qc7 24.Bd3 Ba4 25.Ra1 Qd7 26.h4 Bb5 27.Bxb5 axb5 28.Nd6 Nxd6 29.exd6 f6
30.a6 bxa6 31.h5 Nf8 32.Rxa6 Rc4 33.Qa2 Bd4 34.Ra8 Qf7 35.Nh4 Kh7 36.Qb1+ f5
37.d7 {#r} 1-0